La Gran Bretaña (Record no. 163131)

MARC details
000 -LEADER
campo de control de longitud fija 00890nam a2200205 i 4500
001 - NÚMERO DE CONTROL
campo de control 163131
003 - IDENTIFICADOR DE NÚMERO DE CONTROL
campo de control ES-MaACL
005 - FECHA Y HORA DE LA ÚLTIMA TRANSACCIÓN
campo de control 20241227204408.0
008 - DATOS DE LONGITUD FIJA--INFORMACIÓN GENERAL
campo de control de longitud fija 030320s1893 sp |||| | spa d
040 ## - FUENTE DE CATALOGACIÓN
Centro catalogador/agencia de origen CCPB | B
Lengua de catalogación spa
Centro/agencia transcriptor CCPB | B
100 1# - ENTRADA PRINCIPAL--NOMBRE DE PERSONA
Nombre de persona Regidor y Jurado, Antonio María.
9 (RLIN) 131658
245 13 - MENCIÓN DEL TÍTULO
Título La Gran Bretaña
Resto del título : conferencia dada en el Círculo Republicano Centralista de Madrid en la noche del dia 1º de Noviembre de 1893 /
Mención de responsabilidad, etc. por Antonio María Regidor y Jurado.
260 ## - PUBLICACIÓN, DISTRIBUCIÓN, ETC.
Lugar de publicación, distribución, etc. Madrid :
Nombre del editor, distribuidor, etc. [s.n.],
Fecha de publicación, distribución, etc. 1893 (
Fabricante Estab. Tipog. de los Sucesores de Cuesta)
300 ## - DESCRIPCIÓN FÍSICA
Extensión 20 p. ;
Dimensiones 23 cm.
650 #4 - PUNTO DE ACCESO ADICIONAL DE MATERIA--TÉRMINO DE MATERIA
Término de materia o nombre geográfico como elemento de entrada Cartas pastorales.
9 (RLIN) 135731
852 ## - LOCALIZACIÓN
Ubicación ES-MaACL
Número de control de estantería T-1157-F-3
Nota libre -- Enc. hol. coservando la original
-- -- Enc. en un vol. facticio
852 ## - LOCALIZACIÓN
Ubicación ES-MaACL
Número de control de estantería T-696-F-6
Nota libre -- Enc. hol. coservando la original
-- -- Enc. en un vol. facticio
942 ## - ELEMENTOS DE ENTRADA SECUNDARIOS (KOHA)
Fuente del sistema de clasificación o colocación Clasificación decimal universal
Holdings
Estatus retirado Estado de pérdida Estado de daño No para préstamo Colección Biblioteca de origen Biblioteca actual Ubicación en estantería Fecha de adquisición Total de préstamos Signatura topográfica completa Código de barras Visto por última vez Precio de reemplazo Tipo de ítem Koha Fuente del sistema de clasificación o colocación
        Colección de folletos Biblioteca del Ateneo de Madrid Biblioteca del Ateneo de Madrid Depósito folletos 17/01/2008   T-696-F-6 1170943 23/02/2023 23/02/2023 Folleto  
        Colección de folletos Biblioteca del Ateneo de Madrid Biblioteca del Ateneo de Madrid Depósito folletos 17/01/2008   T-1157-F-3 1170942 23/02/2023 23/02/2023 Folleto Clasificación decimal universal